000 00476nam a2200181Ia 4500
001 8812
005 20260306160637.0
008 260306t2007||||xx |||||||||||||| ||spa||
041 _aESP
082 _a371.39
_bP58 2007
100 _aPimienta Prieto, Julio Herminio
_eAUT
245 0 _aMetodología constructivista:
_bguía para la planeación docente
260 _c2007
300 _a176 páginas :
_c23 cm.
650 _aGEN
654 _aCED
942 _cLIB
_dJUS
_fJUS
_2ddc
_n
999 _c8812
_d8812